|
|
|
|
| LEADER |
00885nam a22002652a 4500 |
| 001 |
001706370 |
| 003 |
CZ BrMZK |
| 005 |
20191002141353.0 |
| 007 |
ta |
| 008 |
190912s1985 xo er|||||||||||slo d |
| 040 |
|
|
|a BOA001
|b cze
|e aacr2
|
| 041 |
1 |
|
|a slo
|h hun
|
| 080 |
9 |
|
|a 894.511-311.3=854+882"18":92 Puškin
|
| 100 |
1 |
|
|a Falus, György,
|d 1916-1993
|7 xx0058665
|4 aut
|
| 245 |
1 |
0 |
|a Plán Valentino /
|c György Falus ; z maďarského originálu ... preložil Michal Francisci
|
| 260 |
|
|
|a Bratislava :
|b Smena,
|c 1985
|
| 300 |
|
|
|a 47 s.
|
| 490 |
1 |
|
|a Dobrodružné romány ;
|v zv. 342
|
| 700 |
1 |
|
|a Francisci, Michal
|7 xx0062543
|4 trl
|
| 765 |
0 |
|
|t Valentino-terv
|9 Slovensky
|
| 830 |
|
0 |
|a Dobrodružné romány (Smena)
|
| 910 |
|
|
|a BOA001
|b X2-0886.469
|
| 990 |
|
|
|a BK
|
| 991 |
|
|
|b 201909
|
| 996 |
7 |
|
|b 2618824257
|c X2-0886.469
|l MZK
|r Sklad / do 24 hodin
|n 0
|w 001754051
|u 000010
|a 1
|e BOA001
|j MZK50
|s A
|